000 01103cab a2200241 4500
001 ABS59499
008 090401t1998 xxu||||| |||| 00| 0 eng d
035 _a(Sirsi) u88921
041 _aeng
245 _aBassairi Ltd v Camden LBC
260 _c1998
350 _a0
490 _aRent Review & Lease Renewal
_v[1998] 18 RRLR 290-301(12)
520 _aCA 19 February 1998. Landlords C assigned the lease of a property to J, who in turn granted an underlease to two subtenants. In 1995 the headlease expired and the tenants applied for a new tenancy. C served a counternotice, raising the issue as to wether the tenants were in occupation, and opposing the grant of a new tenancy. The tenants assigned the headlease to B who applied for a new tenancy. B`s appeal against the original application being struck out, was dismissed.
650 _aBASSAIRI LTD V CAMDEN LBC
650 _aHEADLEASE
650 _aLANDLORD AND TENANT ACT 1954 S23
650 _aSUBLEASE
650 _aUNDERLEASE
690 _aLANDLORD AND TENANT-CASE LAW-BUSINESS TENANCIES
942 _n0
948 _c12/10/1998
999 _c56233
_d56233